André Villas-Boas' Chelsea - Statistics

General Stats
  • This quiz has been taken 16 times
  • The average score is 24 of 28
Answer Stats
Rank Player Position Nationality Matches Goals Assists % Correct
3 Ashley Cole Left-Back 34 0 7
100%
9 Bosingwa Right-Back 30 1 2
100%
11 Branislav Ivanovic Right-Back 30 1 2
100%
12 David Luiz Centre-Back 28 3 1
100%
15 Didier Drogba Centre-Forward 21 7 2
100%
6 Fernando Torres Centre-Forward 31 4 9
100%
4 Frank Lampard Central Midfield 33 12 6
100%
16 John Obi Mikel Defensive Midfield 21 0 0
100%
13 John Terry Centre-Back 28 4 1
100%
1 Petr Cech Goalkeeper 37 0 0
100%
8 Ramires Central Midfield 30 8 1
100%
7 Florent Malouda Left Winger 31 1 6
94%
23 Gary Cahill Centre-Back 5 0 0
94%
2 Juan Mata Attacking Midfield 35 9 11
94%
17 Nicolas Anelka Centre-Forward 15 1 1
94%
19 Romelu Lukaku Centre-Forward 10 0 0
94%
18 Salomon Kalou Left Winger 10 3 0
94%
20 Alex Centre-Back 9 0 0
88%
10 Daniel Sturridge Centre-Forward 30 11 4
88%
21 Michael Essien Defensive Midfield 9 0 0
88%
5 Raúl Meireles Central Midfield 32 2 3
88%
28 Yossi Benayoun Right Winger 1 0 0
88%
25 Paulo Ferreira Right-Back 5 0 0
69%
22 Ryan Bertrand Left-Back 6 0 1
69%
27 Hilário Goalkeeper 2 0 0
63%
14 Oriol Romeu Defensive Midfield 22 0 1
56%
26 Ross Turnbull Goalkeeper 3 0 0
50%
24 Josh McEachran Central Midfield 5 0 0
19%
No matching quizzes found
Score Distribution
Percent of People with Each Score
Percentile by Number Answered
Your Score History
You have not taken this quiz